| 000 | 01699cam a22001814a 4500 | ||
|---|---|---|---|
| 005 | 20250605164117.0 | ||
| 008 | 250528s ||||||||||||||||||||||||d | ||
| 035 | _a18121 | ||
| 040 |
_aGR-AtMCL _bgre _dGR-AtMCL _eAACR2 |
||
| 245 | 1 | _aWindows 3.0 Pocket Guide / Καλύπτει την Έκδοση 3.0, τις Εφαρμογές που Συμπεριλαμβάνονται στο Περιβάλλον Windows (Paintbrush, Clipboard κ.λπ.), τη Χρήση με Ποντίκι ή Πληκτρολόγιο | |
| 260 |
_bAnubis, _c1991 |
||
| 300 | _a234 | ||
| 520 | _aΟ Συνοπτικός αυτός οδηγός αποτελεί ένα μέσο για ταχύτατη αναφορά στις εντολές των Windows 3.0, ενώ παράλληλα σας παρέχει τη δυνατότητα να ξαναθυμηθείτε χρήσιμα χαρακτηριστικά του πολύτιμου αυτού πακέτου. Ο Program Manager, Εναλλαγή Μεταξύ Παραθύρων, Το Σύστημα Βοηθητικών Οδηγιών των Windows, Η Περιοχή Προσωρινής Αποθήκευσης Clipboard, Ο File Manager, Διαμόρφωση του Περιβάλλοντος των Windows, Ο Print Manager, Ο Macro Recorder, Ο Pif Editor, Η Επεξεργασία Κειμένου στα Windows, Το Σχεδιαστικό Πρόγραμμα Paintbrush, Οι Επικοινωνίες και το Περιβάλλον του Προγράμματος Windows Terminal, Διάφορα Βοηθητικά Προγράμματα, Ευρετήριο. | ||
| 700 | 1 |
_aMoseley L. Marshall _94412 |
|
| 942 | _cBK | ||
| 999 |
_c3504 _d3504 |
||